000 00387pam a2200157a 44500
008 230515b1995 xxu||||| |||| 00| 0 eng d
020 _aNULL
041 _aENG
082 _a610.73072
100 _aThomson & Jolley M
245 _aNurse Teachers as Researchers A Reflective Approach
250 _a0
260 _aNULL
_b"Arnold , London, "
_c1995
300 _a266
650 _aN.D.
999 _c524786
_d524786